| 000 | 00506nam a22001457a 4500 | ||
|---|---|---|---|
| 082 | _a621 | ||
| 100 | _aRasheed, M. Muneeb Hamid | ||
| 245 |
_aMulti-Criteria Workspace Optimization of Parallel Kinematics Machines / _cM. Muneeb Hamid Rasheed |
||
| 260 |
_aIslamabad : _bCEME - NUST, _c2014. |
||
| 300 |
_a66 p. ; _c30cm. |
||
| 650 |
_aMechatronics Engineering-MS-Thesis _916096 |
||
| 700 |
_aDr. Kunwar Faraz Ahmed Khan _917311 |
||
| 942 |
_2ddc _cTHE |
||
| 999 |
_c536347 _d536347 |
||